Food systems under stress in Africa: african-canadian research cooperation
Furkejuvvon:
| Váldodahkkit: | , |
|---|---|
| Materiálatiipa: | Girji |
| Giella: | eaŋgalasgiella |
| Almmustuhtton: |
Ottawa
International Development Research Centre
1994
|
| Fáttát: | |
| Fáddágilkorat: |
Lasit fáddágilkoriid
Eai fáddágilkorat, Lasit vuosttaš fáddágilkora!
|
MARC
| LEADER | 00000nam a2200000 a 4500 | ||
|---|---|---|---|
| 001 | UCY1300 | ||
| 003 | CL-VaPUC | ||
| 005 | 20241025112426.0 | ||
| 008 | 940826e19940000cn 1 eng d | ||
| 082 | 0 | 4 | |a 338.19 |b VER |2 21 |
| 100 | 1 | |a Vernooy, Ronnie |e author |9 617024 | |
| 700 | 1 | |a Kealey, Katherine M |e author |9 617025 | |
| 245 | 1 | 0 | |a Food systems under stress in Africa: african-canadian research cooperation |
| 260 | |a Ottawa |b International Development Research Centre |c 1994 | ||
| 300 | |a 172 p | ||
| 583 | |a last modification |c 20141125 05:06:47 |k Rodrigo Vera | ||
| 650 | 0 | 7 | |a SUMINISTRO DE ALIMENTOS |2 CL-VaPUC |9 617026 |
| 650 | 0 | 7 | |a POLITICA NUTRICIONAL |2 CL-VaPUC |9 259600 |
| 651 | 0 | |a África |9 256790 | |
| 942 | |c BK | ||
| 945 | |a mfernand |d 19940826 00:00:00 | ||
| 546 | |a En Inglés | ||
| 518 | |p Workshop Food Systems under stress in Africa: African-Canadian Research Cooperation, Ottawa, Canada, 1993 | ||
| 999 | |c 382255 |d 382253 | ||